| 000 | 02141ncm0a2200445 4500 | ||
|---|---|---|---|
| 001 | RU\NLR\ONIZ\198031 | ||
| 005 | 20250624194701.0 | ||
| 035 | _a(NLR Aleph) 010888661 | ||
| 071 | 2 | 0 | _aс 2677 к |
| 090 |
_a10539670 _c10539670 |
||
| 100 | _a20140417d2000 |||y0rusy50 ca | ||
| 101 | 0 | _arus | |
| 102 | _aRU | ||
| 125 | _acx | ||
| 128 | _aco | ||
| 145 | 0 | _ab | |
| 200 | 1 |
_aКонцерт "Весна" ("La primavera") _bНоты _dConcerto "Spring" _eиз цикла "Времена года" _e[op. 8 № 1 _eF. I, 22] _zita _fА. Вивальди _gперелож. для скрипки и фп. _gред. партии флейты А. Цыпкина |
|
| 208 | _aКлавир и партия | ||
| 210 |
_aСанкт-Петербург _cКомпозитор - Санкт-Петербург _d2000 |
||
| 215 |
_a20 с., 1 парт. (фл., 7 с.) _d30 см |
||
| 225 | 1 | _aЗолотой репертуар флейтиста | |
| 500 | 0 | 0 |
_aВремена года _iВесна _bНоты _h№ 1 _sF. I, 22 _sop. 8 № 1 _lконцерт _uФа мажор _wаранжировка _rфлейта _rфортепиано |
| 606 | 1 |
_aВремена года _xМузыкальные интерпретации _jНоты _2nlr_sh |
|
| 606 | 1 |
_aВесна _xМузыкальные интерпретации _jНоты _2nlr_sh |
|
| 606 | 1 |
_aМузыка барокко (инструментальная) _yИталия _z17-18 вв. _jНоты _2nlr_sh |
|
| 606 | 1 |
_aПереложения для флейты _jНоты _2nlr_sh |
|
| 686 |
_aЩ957.22-42-095-042(4Ит) _vLBC/SL _2rubbk |
||
| 686 |
_aЩ955.4-042(4Ит)Фп _vLBC/SL _2rubbk |
||
| 700 | 1 |
_9z01790 _aВивальди _bА. _f1669-1741 _gАнтонио _4230 _7ca |
|
| 702 | 1 |
_9z02790 _aЦыпкин _bА. М. _gАркадий Маркович _4340 _7ca |
|
| 790 | 1 |
_9z01700 _aVivaldi _bA. _f1669-1741 _gAntonio _4230 _7ba |
|
| 790 | 1 |
_9z02702 _aCzy`pkin _bA. _gArkadij _4340 |
|
| 801 | 0 |
_aRU _bNLR _c20140417 _gPSBO |
|
| 801 | 1 |
_aRU _bNLR _c20140417 _2rusmarc |
|
| 801 | 2 |
_aRU _bNLR _c20160916 |
|
| 852 |
_aNLR _bМ _jК-3/26463 _p279104 _t1 |
||
| 942 | _cSCORE | ||
| 980 | _aNB | ||
| 980 | _aONIZ | ||